000 00370nam a2200145Ia 4500
005 20251222152035.0
008 251222s9999||||xx |||||||||||||| ||spa||
020 _a8423913376
082 _a866.5/V23L
100 _aDel Valle-Inclan, Ramón
245 0 _aMartes de Carnaval-Esperpentos:
250 _a12va. ed.
264 _bEditorial Espasa Calpe,S.A.
942 _cLIB
999 _c25807
_d25807